[Event "Madrid-ch sf"]
[Site "Madrid"]
[Date "2022.05.11"]
[Round "8"]
[White "Bravo De la Vega, Alvaro"]
[Black "Centeno Mendoza, Julio Stefano"]
[Result "1/2-1/2"]
[WhiteElo "2082"]
[BlackElo "2050"]
[PlyCount "21"]
[EventDate "2022.05.04"]
[EventType "swiss"]
[EventRounds "9"]
[EventCountry "ESP"]
[SourceTitle "EXT 2023"]
[Source "ChessBase"]
[SourceDate "2022.10.05"]
[SourceVersion "1"]
[SourceVersionDate "2022.10.05"]
[SourceQuality "1"]

1. e4 e5 2. Nc3 Nf6 3. Bc4 Nc6 4. d3 Na5 5. Qf3 Be7 6. Nge2 c6 7. 0-0 d6 8. Qg3 Nh5 9. Qf3 Nf6 10. Qg3 Nh5 11. Qf3 1/2-1/2

[Event "Madrid-ch sf"]
[Site "Madrid"]
[Date "2022.05.06"]
[Round "3"]
[White "Santamaria Baeza, Adolfo"]
[Black "Bravo De la Vega, Alvaro"]
[Result "0-1"]
[WhiteElo "1870"]
[BlackElo "2082"]
[PlyCount "98"]
[EventDate "2022.05.04"]
[EventType "swiss"]
[EventRounds "9"]
[EventCountry "ESP"]
[SourceTitle "EXT 2023"]
[Source "ChessBase"]
[SourceDate "2022.10.05"]
[SourceVersion "1"]
[SourceVersionDate "2022.10.05"]
[SourceQuality "1"]

1. e4 c5 2. Nf3 Nc6 3. d4 cxd4 4. Nxd4 Nf6 5. Nc3 d6 6. Be2 e5 7. Ndb5 a6 8. Na3 b5 9. Nd5 Nxd5 10. Qxd5 Qc7 11. c3 Be6 12. Qd1 Be7 13. 0-0 0-0 14. Bg4 Rad8 15. Bxe6 fxe6 16. Qg4 Rf6 17. Be3 Rg6 18. Qh3 d5 19. exd5 exd5 20. f4 Bxa3 21. bxa3 Rh6 22. Qg3 d4 23. cxd4 Nxd4 24. Bxd4 exd4 25. Rac1 Qd6 26. Qb3+ Kh8 27. Qd3 Re6 28. Rf3 Qd5 29. f5 Rc6 30. Rxc6 Qxc6 31. h3 Qc4 32. f6 Qxd3 33. fxg7+ Kxg7 34. Rxd3 Kf6 35. Kf1 Ke5 36. Ke2 Kd5 37. Rg3 Kc4 38. Kd2 Rf8 39. Rf3 Rxf3 40. gxf3 Kd5 41. Kd3 Ke5 42. a4 bxa4 43. a3 h5 44. h4 Kf4 45. Kxd4 Kxf3 46. Kd3 Kg4 47. Ke4 Kxh4 48. Kf4 a5 49. Kf3 Kg5 0-1

[Event "ESP-ch U16"]
[Site "Salobrena"]
[Date "2021.07.23"]
[Round "7"]
[White "Fuentes Guinot, Angel"]
[Black "Bravo De la Vega, Alvaro"]
[Result "1/2-1/2"]
[WhiteElo "1777"]
[BlackElo "1941"]
[PlyCount "62"]
[EventDate "2021.07.19"]
[EventType "swiss"]
[EventRounds "9"]
[EventCountry "ESP"]
[SourceTitle "EXT 2022"]
[Source "ChessBase"]
[SourceDate "2021.10.06"]
[SourceVersion "1"]
[SourceVersionDate "2021.10.06"]
[SourceQuality "1"]

1. d4 d5 2. Bf4 Nf6 3. e3 e6 4. Nf3 Bd6 5. Bd3 c5 6. c3 Qc7 7. Bxd6 Qxd6 8. Nbd2 Nbd7 9. 0-0 0-0 10. Re1 e5 11. dxe5 Nxe5 12. Nxe5 Qxe5 13. e4 Bg4 14. f3 Bh5 15. exd5 Qxd5 16. Ne4 Qc6 17. Nxf6+ Qxf6 18. Qc2 h6 19. Be4 c4 20. Rad1 Rad8 21. Kf1 Qf4 22. g3 Qc7 23. Rxd8 Rxd8 24. Rd1 Bg6 25. Rxd8+ Qxd8 26. Bxg6 fxg6 27. Ke2 Qe8+ 28. Kd2 Kh7 29. Qe4 Qd7+ 30. Kc1 Qh3 31. Qe2 b5 1/2-1/2